000 00347nam a2200133Ia 4500
008 240624s9999 xx 000 0 und d
041 _aeng
082 _a658.3 MAN
100 _aMANGARAJ SUJATA
245 _aGLOBALIZATION AND HUMAN RESOURCE MANAGEM
260 _c2008
_aNew Delhi
_bExcel Books
300 _a282 : p. : cm. ; 22
365 _cRS
_b35
999 _c13764
_d13764